000
00205 a2200097 4500
001
12
100
_a
Goodspeed
245
_a
The International Organiza
260
_a
_b
Oxford University
_c
090
_c
12
_d
12
942
_a
NUST-CAE
_c
M
_c
2224
999
_c
235085
_d
235085